Time perspective in aboriginal American culture, (Record no. 25731)

MARC details
000 -LEADER
fixed length control field 00751cam a22002171 4500
001 - CONTROL NUMBER
control field gs 17000020
003 - CONTROL NUMBER IDENTIFIER
control field DLC
005 - DATE AND TIME OF LATEST TRANSACTION
control field 20260227111320.0
008 - FIXED-LENGTH DATA ELEMENTS--GENERAL INFORMATION
fixed length control field 740108s1916 onc f000 0 eng c
010 ## - LIBRARY OF CONGRESS CONTROL NUMBER
LC control number gs 17000020
035 ## - SYSTEM CONTROL NUMBER
System control number (OCoLC)771522
040 ## - CATALOGING SOURCE
Original cataloging agency Library, U.S. Geological Survey
Transcribing agency NhD
Modifying agency OCoLC
-- NSbSU
-- DLC
042 ## - AUTHENTICATION CODE
Authentication code premarc
050 00 - LIBRARY OF CONGRESS CALL NUMBER
Classification number E59.C5
Item number S24
100 1# - MAIN ENTRY--PERSONAL NAME
Personal name Sapir, Edward,
Dates associated with a name 1884-1939.
245 10 - TITLE STATEMENT
Title Time perspective in aboriginal American culture,
Remainder of title a study in method,
Statement of responsibility, etc. by E. Sapir.
260 ## - PUBLICATION, DISTRIBUTION, ETC.
Place of publication, distribution, etc. Ottawa,
Name of publisher, distributor, etc. Government Printing Bureau,
Date of publication, distribution, etc. 1916.
300 ## - PHYSICAL DESCRIPTION
Extent 1 p. l., ii, 87 p.
Dimensions 25 cm.
490 1# - SERIES STATEMENT
Series statement Canada. Geological Survey. Memoir 90. Anthropological series,
Volume/sequential designation no. 13
830 #0 - SERIES ADDED ENTRY--UNIFORM TITLE
Uniform title Memoir (Geological Survey of Canada) ;
Volume/sequential designation 90

No items available.

Powered by Koha